Kirjaimella G alkavien valtioiden naapurimaat - Statistics

Yleistilastot
  • Tätä visaa on pelattu 58 kertaa
  • Keskiarvotulos 19 / 23
Vastaustilastot
G:llä alkava valtio Rajanaapuri % Oikein
Guinea-Bissau Guinea
95%
Georgia Venäjä
95%
Ghana, Guinea Norsunluurannikko
92%
Gambia, Guinea, Guinea-Bissau Senegal
92%
Georgia Armenia
89%
Ghana Burkina Faso
89%
Guinea Sierra Leone
89%
Georgia Azerbaidžan
86%
Guinea Guinea-Bissau
86%
Ghana Togo
86%
Gabon Kongon tasavalta
84%
Guinea Liberia
84%
Guyana Suriname
84%
Guyana Brasilia
78%
Guyana Venezuela
78%
Guinea Mali
73%
Georgia Turkki
73%
Gabon Kamerun
70%
Gabon Päiväntasaajan Guinea
70%
Guatemala Belize
68%
Guatemala Honduras
68%
Guatemala Meksiko
68%
Guatemala El Salvador
62%
Ehtoja vastaavia visoja ei löytynyt
Tulosjakauma
Jokaisen tuloksen saaneiden osuus
Persentiili vastausten määrän mukaan
Tuloshistoriasi
Et ole pelannut tätä visaa